Laboreo sin arado /

Guardado en:
Autor Principal: Kahnt, Günter
Formato: Libro
Publicado: Buenos Aires : Hemisferio Sur, 1984
Materias:
Etiquetas: Agregar Etiqueta
Sin Etiquetas, Sea el primero en etiquetar este registro!
LEADER 00494nam a22001815a 4500
001 CEM.cems016669
005 20131007164133.0
008 130507s1984##################000#0#####d
003 CEMS
020 |a 9505042914 
082 0 4 |a 631.5 
100 1 |a Kahnt, Günter 
245 1 0 |a Laboreo sin arado /  |c Günter Kahnt, 
260 |a Buenos Aires :  |b Hemisferio Sur,  |c 1984 
300 |a 142 p. 
653 |a Labranza 
653 |a Siembra directa 
859 |a CEMS  |b BIB. CEMS - Agricultura  |h 631.5  |i K122  |p A17191.93  |t Ej.1